000 00614nam a2200217Ia 4500
005 20241129105844.0
008 241129s9999||||xx |||||||||||||| ||und||
020 _a978-81-8223-926-5
037 _aTB
040 _aARTS
_beng
_cARTS
041 _aeng
_2urd
084 _aO168,1L38,11:g K0;Q6
_qARTS
100 _aMir Hasan Au.
_9726513
245 0 _aMasnavi sahrul beyan
_cMir Hasan Au.
260 _aDelhi, India
_bEducational Publishing House
_c2007
300 _a135p.
365 _aINR
_b150
650 _aUrdu Poetry
942 _cTB
_hO168,1L38,11:g K0;Q6
999 _c1226299
_d1226299